000 01037nam a2200229 i 4500
001 23189
003 ES-MaACL
005 20231228062551.0
007 t|
008 021209s1984 sp ||||1| spa d
100 1 _aAlonso, Dámaso,
_d1898-1990
_920195
245 1 0 _aReflexiones sobre mi poesía
_b: conferencia... en la Escuela Universitaria de Formación del Profesorado de E.G.B. "Santa María", el día 26 de octubre de 1983 /
_cDámaso Alonso.
260 _aMadrid :
_bEscuela Universitaria de Formación del Profesorado de E.G.B. "Santa María", Universidad Autónoma,
_c1984.
300 _a39 p. ;
_c21 cm.
490 1 _aCuadernos de literatura ;
_v5
504 _aReferencias bibliográficas.
600 1 4 _aAlonso, Dámaso,
_d1898-1990-
_xCrítica e interpretación
_920197
710 2 _aUniversidad Autónoma de Madrid.
_bEscuela Universitaria de Formación del Profesorado de E.G.B. "Santa María"
_9156765
830 0 _aCuadernos de literatura ;
_v5
_9226382
852 _aES-MaACL
_j2128-F-22
999 _c23189
_d23189